| 000 | 00704nam a2200229Ia 4500 | ||
|---|---|---|---|
| 003 | OSt | ||
| 005 | 20230517142940.0 | ||
| 008 | 210423s2014 xx 000 0 und d | ||
| 020 | _a978-0-87969-901-7 | ||
| 040 | _cAL | ||
| 041 | _aeng | ||
| 082 | _a571.74 CANS | ||
| 100 |
_aCANTLEY (Lewis C);HUNTER (Tony);SEVER (Richard);THORNER (Jeremy) _9106876 |
||
| 245 | _aSignal transduction: principles pathways and processes | ||
| 260 |
_aNew York _bCold Spring Harbour Press _c2014 |
||
| 300 |
_axii,452 _bHB |
||
| 365 |
_b11583 _cUSD |
||
| 650 |
_aLife Sciences _9106877 |
||
| 650 |
_aLife Sciences _9106877 |
||
| 906 | _apathways ; principles ; processes ; Signal ; transduction: | ||
| 942 |
_2ddc _cBK |
||
| 999 |
_c167617 _d167617 |
||